00732nam a2200157 i 4500001000700000003000900007005001700016008004100033100004600074245012300120260005100243300002100294650003300315710003800348852018800386189616ES-MaACL20250626063223.0190703s1863 fr |||| | fre d1 aÉlie de Beaumont, Léonce, d1798-187410aTableau des données numériques b: qui fixent 159 cercles du réseau pentagonal / cpar M. L. Élie de Beaumont. aParis : bMallet-Bachelier, Imp.-Lib., c1863. a12 p. ; c27 cm. 4aProyección cartográfica.2 aAcadémie des sciences (Francia) aES-MaACLjL-32451(2) z- Enc. cart. z. - Legado Federico de Botella y de Hornos z- Enc. en un vol. facticio, con tít. en el lomo de: Rapport sur les progrés de la stratigraphie